Tlow 2025 - Statistiken

Allgemein
  • Dieses Quiz wurde 10 mal gespielt
  • Das Durchschnittsergebnis liegt bei 124 aus 354
Antwortstatistiken
Hint Antwort % Korrekt
OOPS! City nach City
100%
Crashen
100%
Geh allein
100%
Intro
100%
Lucki
100%
Nur ein Trost
100%
Nuss
100%
OOPS!
100%
Sehnsucht
100%
Seit dem Fame
100%
Sucht
100%
Verliebt
100%
We made it
100%
Xanax doin Damage
100%
1000 Emotionen
75%
10 Jahre
75%
Percocet Party Airbnb
75%
Since I was Born I was a trap Allein
75%
Tlow Singles Applaus
75%
Everything is Purple 3 ATM
75%
Bisschen high
75%
Black Friday
75%
Block me
75%
Everything is Purple 1 Burberry
75%
Changed
75%
Codeine Sipp
75%
Thilo Cold Dreams
75%
Come my Lady
75%
Cream Soda
75%
Drugs&Love
75%
Echte Love
75%
Eigentlich tot
75%
Everything is Purple
75%
Fantasy
75%
Feelings
75%
Für immer
75%
Give me my flowers now
75%
Grill Royal
75%
Hate it or love it
75%
In deinem Schatten
75%
Irgendwie
75%
Junkie
75%
Kalt
75%
Kompliziert
75%
Lange her
75%
Love&Drugs
75%
Love is just a drug
75%
Molly
75%
Nicht mehr im Kreis
75%
No Special day
75%
Omg
75%
Ordentlich
75%
Outro
75%
Oxycodon
75%
Paranoid
75%
Perc Party
75%
PTSD Shit
75%
Rauchen im Club
75%
Reich
75%
Römisches Reich
75%
Sag was
75%
Tattoos im Gesicht
75%
Till the wheels Fall of
75%
Turnt!
75%
We Outside
75%
Xanax doin Damage 2
75%
Zeit zu gehen
75%
2 Herzen
50%
2 Leben
50%
2 Percys
50%
Alle im Schlamm
50%
Everything is Purple 2 Amiri Freestyle
50%
Anxiety
50%
Alright 2 Apotheke
50%
Arbeite am Leben
50%
Backseat
50%
Balaklava
50%
Bankaccount
50%
Beautiful drugs
50%
Benzo
50%
Benzo manchmal gut
50%
Litkids 3 Bin 1 Litkid
50%
Drug related Lifestyle Broken Souls
50%
Demonzone Codeine, Schmerz und Leid
50%
Curly Fries
50%
Dämonen
50%
Life Changed Dead inside
50%
Drogenkinder
50%
Druggy Popstar
50%
Entweder
50%
Flasche leer
50%
Fliegen lässt
50%
Fluch&Segen
50%
Forza Italia
50%
Geheimnis
50%
Gott hat’s so gewollt
50%
Harte Medizin
50%
Hoffen wir
50%
Hol mich hoch
50%
Holy Shit
50%
Hundi
50%
Kein Chanel
50%
Keine Zeit
50%
Kein Tenso
50%
K Tattoo
50%
Lebenswerk
50%
Letzte Nacht
50%
Line in mein Cup
50%
Love Sins
50%
Lucid
50%
Medizin
50%
Mein Wasser
50%
Moet
50%
New Watch
50%
Nikekarton
50%
No Hook
50%
Northface
50%
Not that cool
50%
Pappbecher
50%
Pinke Cups
50%
Popp it and Feel it
50%
Psyched out genie
50%
Red Stripe
50%
Red wine
50%
Schachtelkiste
50%
Solution
50%
Sprite für mich
50%
Sticks&Stones
50%
Stolz
50%
Streit ohne Sinn
50%
Stumblin in
50%
Überall in Bape
50%
Vorsichtig
50%
Wake up Call
50%
Wichtig für uns
50%
Wie ein Junkie
50%
Zieht eine line
50%
Zufällig
50%
123
25%
2020
25%
40 Nights
25%
40 OX
25%
9. Januar 73
25%
Benzo Diaris Addicted
25%
Alleine Sein
25%
LEX,Shey etc…. Alles was ich tue
25%
Dying Lit All eyez on me
25%
Alright 2
25%
Jersey Fieber Alte Münze Freestyle
25%
Astronaut
25%
Keigo Asuna
25%
Auf ein Breski
25%
Aufgehört
25%
Tyskie Augen rot
25%
Litkids 1 A&W
25%
Background
25%
Baddie
25%
Bando Ballade
25%
L(i)eben ist jetzt Bape
25%
Bauchtasche
25%
Beipackzettel
25%
Bestes Leben
25%
Bih2
25%
Bleed on you
25%
Bleib wie du bist
25%
Cartier
25%
Coca Cola
25%
Codein Wow
25%
Das in Kauf
25%
L(i)eben ist jetzt Deluxe Dein Ernst?
25%
Deine Welt
25%
Depressed bin
25%
Designer
25%
Die Molly kickt nicht mehr
25%
DMN Aus der Lightshow
25%
Draco
25%
Drei Bands
25%
Drei Uhr früh in Marzahn
25%
Litkids 2 Dumm gehen will
25%
Ein langer weg Ein langer Weg
25%
Einmal verliebt 2
25%
Empathie
25%
Es gibt noch weed
25%
FallingInLoveAgain
25%
Fast
25%
Flashback
25%
Fliegt
25%
Frag nicht was für Saft
25%
Fuck a xan
25%
Für die Bres
25%
Für mich selbst
25%
Gang
25%
Gang Gang
25%
Gas
25%
Geeked Up
25%
Geheimnis 2
25%
Gesagt&Getan
25%
Gletscher
25%
Griechenland
25%
Grüne Augen
25%
Gute Absicht
25%
Gut gelebt
25%
H2O
25%
Hab mich nur einmal verliebt
25%
Heim komm
25%
Hoodtape 2
25%
Ice
25%
ice im Cup
25%
I know that it sucks
25%
In der Nacht
25%
Kaktus
25%
Fehlerfrei Keine Pappe
25%
Kein Stopp
25%
Kiss Kiss
25%
Like u
25%
Lonely
25%
Lost
25%
lovely Vibes
25%
Lustig und dumm
25%
Luxus Leben
25%
Mag ich nicht
25%
Master Bedroom
25%
Meine Entschuldigung
25%
Meine Welt sie dreht sich
25%
Molly vs 3 xans
25%
Moskovskaya
25%
Nachts wach
25%
Nicht allein
25%
Nicht mit mir
25%
Nicht verdient
25%
Nix fühlen
25%
Offensichtlich
25%
One Day
25%
Opiat
25%
Österreich
25%
Outro für rec
25%
Outro Sevi
25%
Penis&Flieg
25%
Playboy Herz
25%
Polen
25%
Popp sie auch
25%
Promethazine Dreams
25%
Reichlich outro
25%
Ring am Zeh
25%
Saft&Vergisst
25%
Schlamm
25%
Scorpion
25%
Segen
25%
So gut
25%
Sommer in Berlin
25%
So viel
25%
Spiegel
25%
Sprite für mich 2
25%
Star Freestyle
25%
Thessaloniki
25%
Trust
25%
Typo
25%
Umsteigen in Athen
25%
Ups&Downs
25%
Vermisst
25%
Voice of god
25%
Wach
25%
Warum?
25%
Weint
25%
Wie man Fehler macht
25%
Zeichentrick
25%
Ziemlich oft
25%
Zuhause
25%
Zwangsneurose
25%
1x Nachgedacht
0%
200mg tilidin
0%
80 ox
0%
8 im Bauch
0%
Besonders
0%
Beste die ich hab
0%
Better of dead
0%
Bluetooth
0%
TagTeam EP Break up
0%
Change up
0%
Cosmo&Wanda
0%
Dadash Call
0%
Damn es ist nice wenn du ein Litkid bist
0%
Die perfekte Mische
0%
Drin kiffen
0%
Drunk&fcked up
0%
Eine Spur
0%
Einmal verliebt 3
0%
Europas very own
0%
Exzellent smoke
0%
Fanta Hellblau wie der Himmel
0%
Feelings 4 you
0%
Fukk a Label
0%
Für immer immer
0%
Für immer jung
0%
Handtuch in Fendi
0%
Heilig
0%
Heißhunger
0%
Heroin
0%
hin&her
0%
Ich Brauchs
0%
In meiner Bag
0%
In Neu
0%
Instagram high
0%
Jeder sucht eine Melodie
0%
Kalifornien Starnberg
0%
Kaum noch stehen
0%
Kilometer
0%
Lay up
0%
Liegende 8
0%
Moves für den Salat
0%
Next
0%
Nie mehr umsonst
0%
Nie mehr zurück
0%
Nie verdient
0%
Nine 2 Kay
0%
Noch Fetter
0%
No Sleep
0%
Nur noch ein Cup
0%
Obelix
0%
OG ghost
0%
On the Regular
0%
Oxe mich selbst
0%
Phase
0%
Pretty Life
0%
Produkt der Pharma
0%
Produkt der Pharma 2
0%
ready for the ride?
0%
Ruf mich nicht an
0%
Salat für die Print
0%
Schaden da
0%
Sei lieber Schlau, sei wie Sevi
0%
Sevi Rap mal
0%
Shoutouts
0%
Smoke
0%
Souly
0%
Stay with me
0%
Stecke mir den Penis in den Mund und er passt nicht
0%
Time wiill Tell
0%
Tinnitus
0%
Topshooter
0%
Traum
0%
Untertitel
0%
Verdient
0%
Vergib uns
0%
Verlaufen
0%
Vierzig
0%
We aint the Same
0%
Willkommen im Himmel
0%
Woher
0%
Zu jeder Zeit
0%
Keine übereinstimmenden Quizze gefunden
Verteilung der Resultate
Anzahl Personen mit jedem Resultat
Perzentil nach korrekt beantworteten Fragen
Ihre Resultats-Entwicklung
Sie haben dieses Quiz noch nicht gespielt